| 000 | 03142cad a22003375a 4500 | ||
|---|---|---|---|
| 001 | L158325 | ||
| 008 | 101207s2012 xxk 000 0 eng u | ||
| 020 | 1 | _a9781842198391 | |
| 041 | 0 | _aeng | |
| 050 | 0 | 4 | _a333.332 |
| 110 | 2 | _aRoyal Institution of Chartered Surveyors | |
| 245 | 0 | 5 |
_aRICS building survey _bRICS practice note _h[archived item] |
| 260 |
_aCoventry, _bRICS, _cOctober 2012 |
||
| 490 | 0 | _aRICS Practice Notes | |
| 505 | 2 | _aStatus of this practice note -- Introduction -- Part A, the practice note: professional obligations; requirements and scope of the RICS Building Survey Service; the contract; compiling the report, commentary and guidance -- Part B, the documentation: RICS Home Surveys Information Sheet; commentary on particular elements of the Description of the RICS Building Survey Service; description of the RICS Building Survey Service, with the standard terms of engagement; what to do now; leasehold properties advice; maintenance tips -- Part C, the report form and checklists: introduction to the report; about the inspection; overall opinion and summary of the condition ratings; about the property; outside the property; inside the property; services; grounds (including shared areas for flats); issues for your legal advisers; risks; energy efficiency; surveyor's declaration; what to do now; description of the RICS Building Survey Service; typical house diagram -- Part D: appendices: definitions of the RICS Building Survey Service key terms; the RICS Building Survey Service: checklist of professional obligations; relevant RICS guidance sources; the contract: checklist for each commission; the RICS Building Survey Service Copyright Licence Scheme. | |
| 520 | _aExpectations for this survey are higher than that for the RICS HomeBuyer and Condition Reports. To meet this, it is essential that the RICS Building Survey Service is performed by a surveyor who has sufficient knowledge and competence necessary to carry out a detailed condition assessment of the property, describes the identifiable risk of potential or hidden defects, includes an appropriate desk-top study carried out by the surveyor that provides a good working knowledge of the property in its locality and ensures a thorough and detailed property inspection. Those surveyors using the report forms must take out an RICS Building Survey Service copyright licence, which authorises them to use the RICS Building Survey Service material in England, Wales, Northern Ireland, the Channel Islands and the Isle of Man. | ||
| 520 | _aThis item has been archived. See Home survey standard effective from 1 June 2020. | ||
| 521 | _aAdvanced | ||
| 650 | 2 | 4 | _aBUILDING SURVEY |
| 650 | 2 | 4 | _aRICS VALUATION STANDARDS |
| 650 | 2 | 4 | _aHome survey standard |
| 651 | 4 | _aEngland | |
| 651 | 4 | _aWales | |
| 651 | 4 | _aNorthern Ireland | |
| 651 | 4 | _aChannel Islands | |
| 651 | 4 | _aIsle of Man | |
| 690 |
_aValuation _96273 |
||
| 690 |
_aBuilding surveying _96225 |
||
| 856 | 4 | 1 |
_uhttps://www.isurv.com/downloads/download/1630/rics_building_survey_practice_note_archived _zArchived on isurv (subscription required) |
| 942 | _n0 | ||
| 999 |
_c115265 _d115265 |
||